| 000 | 00000nas 2200000zi 4500 |
| 001 | 9.865970 |
| 003 | CaOODSP |
| 005 | 20250917135758 |
| 006 | m o d f |
| 007 | cr ||||||||||| |
| 008 | 190624c20179999oncar p o f000 b0fre|d |
| 020 | |z9780660289724 |
| 022 | |a2816-671X |
| 040 | |aCaOODSP|bfre|erda|cCaOODSP |
| 043 | |an-cn--- |
| 086 | 1 |aJ1-27F-PDF|zJ4-85/2018F-PDF |
| 222 | 0|aAide juridique au Canada en ... |
| 245 | 00|aAide juridique au Canada en ... |
| 264 | 1|a[Ottawa] : |bDepartment of Justice Canada = Ministère de la justice Canada, |c[2018]- |
| 336 | |atexte|btxt|2rdacontent/fre |
| 337 | |ainformatique|bc|2rdamedia/fre |
| 338 | |aressource en ligne|bcr|2rdacarrier/fre |
| 362 | 1 |aParaît depuis 2016/2017. |
| 500 | |aPubl. aussi en anglais sous le titre : Legal aid in Canada. |
| 500 | |aTitre de la couverture. |
| 520 | 8 |a« Comme l’enquête sur l’aide juridique de Statistique Canada n’a plus lieu depuis 2016, le ministère de la Justice du Canada (JUS) a commencé la collecte de données et la production de rapports à l’interne. Il s’agit du premier rapport annuel sur l’aide juridique depuis l’annulation de l’enquête sur l’aide juridique. Les données de 2015-2016 ne sont pas disponibles en raison du changement d’approche de la collecte de données et de la production de rapports »--Page 3, rapport 2016-2017. |
| 550 | |aPubl. par : Division de la recherche et de la statistique et Direction de l'aide juridique |
| 588 | |aDescription d'après: 2016/2017. |
| 588 | |aDernière livraison consultée: 2018/2019. |
| 650 | 0|aAide juridique|zCanada|vPériodiques. |
| 650 | 0|aPauvres|xServices|zCanada|vPériodiques. |
| 655 | 7|aPériodiques|2rvmgf |
| 710 | 1 |aCanada. |bMinistère de la justice. |bDivision de la recherche et de la statistique, |eorganisme de publication. |
| 775 | 08|tLegal aid in Canada, ...|w(CaOODSP)9.865968 |